Title in the Lyrics - 2010s Songs - Statistics

General Stats
  • This quiz has been taken 160 times
  • The average score is 20 of 30
Answer Stats
Answer % Correct
2011 Hey, I just met you / And this is crazy / But here's my number / So {Call} {Me}, {Maybe}?
100%
2010 Just own the night like the 4th of July / 'Cause, baby, you're a {Firework} / Come on, show 'em what you're worth
92%
2013 I got the eye of the tiger / A fighter / Dancing through the fire / 'Cause I am a champion and you're gonna hear me {Roar}
91%
2013 But, baby, I've been, I've been praying hard / Said no more counting dollars, we'll be {Counting} {Stars} / Lately, I've been, I've been losing sleep
88%
2015 Yeah, is it too late now to say {Sorry}? / 'Cause I'm missing more than just your body
88%
2012 But you only need the light when it's burning low / Only miss the sun when it starts to snow / Only know you love her when you {Let} {Her} {Go}
84%
2010 Can we pretend that {Airplanes} in the night sky are like shooting stars? / I could really use a wish right now
84%
2015 It's been a long day without you, my friend / And I'll tell you all about it when I {See} {You} {Again} / We've come a long way from where we began
84%
2014 "Oh, don't you dare look back / Just keep your eyes on me." / I said, "You're holding back." / She said, "{Shut} {Up} {And} {Dance} with me!"
84%
2016 So, baby, pull me {Closer} / In the back seat of your Rover / That I know you can't afford / Bite that tattoo on your shoulder
82%
2014 Oh, I think that I've found myself a {Cheerleader} / She is always right there when I need her
81%
2012 I'm at a {Payphone} trying to call home / All of my change I spent on you / Where have the times gone? Baby, it's all wrong
80%
2019 I love it when you call me {Señorita} / I wish I could pretend I didn't need ya / But every touch is ooh-la-la-la
79%
2010 Just gonna stand there and hear me cry / Well, that's alright because I {Love} {The} {Way} {You} {Lie}
77%
2019 Toast to the ones here today / Toast to the ones that we lost on the way / 'Cause the drinks bring back all the {Memories}
73%
2013 And we'll never be {Royals} / It don't run in our blood / That kind of luxe just ain't for us / We crave a different kind of buzz
68%
2011 I'm beautiful in my way / 'Cause God makes no mistakes / I'm on the right track, baby / I was {Born} {This} {Way}
67%
2011 We just wanna make the world dance / Forget about the {Price} {Tag} / Ain't about the, uh, cha-ching, cha-ching
66%
2017 Some superhero / Some fairytale bliss / Just something I can turn to / Somebody I can miss / I want {Something} {Just} {Like} {This}
63%
2017 I have faith in what I see / Now I know I have met an angel in person / And she looks {Perfect} / I don't deserve this
61%
2018 {One} {Kiss} is all it takes / Fallin' in love with me / Possibilities / I look like all you need
61%
2017 You just want {Attention} / You don't want my heart / Maybe you just hate the thought of me with someone new
52%
2012 {We} {Are} {Never}, {Ever} {Getting} {Back} {Together} / You go talk to your friends, talk to my friends, talk to me
51%
2018 'Cause {Girls} {Like} {You} run 'round with guys like me / 'Til sundown when I come through / I need a girl like you, yeah yeah
49%
2014 Oh, darling, place your head on my beating heart / I'm {Thinking} {Out} {Loud} / But maybe we found love right where we are
47%
2018 Know that means I'll have to leave / Lately, I've been, I've been thinking / I want you to be {Happier}
41%
2019 'Cause {I} {Don}'{t} {Care} when I'm with my baby, yeah / All the bad things disappear
37%
2015 If I got {Locked} {Away}, / And we lost it all today, / Tell me honestly, / Would you still love me the same?
37%
2016 And ain't nobody leaving soon / So keep dancing / I {Can}'{t} {Stop} {The} {Feeling} / So just dance, dance, dance
32%
2016 {Just} {Like} {Fire}, burnin' up the way / If I could light the world up for just one day / Watch this madness, colorful charade
24%
No matching quizzes found
Score Distribution
Percent of People with Each Score
Percentile by Number Answered
Your Score History
You have not taken this quiz